... na spisovnú reč povýšili slovenčinu! na sté výročie Sednice Tatrína v Čachticiach 10. augusta 1947

Bibliographic Details
Format: Book
Language:Slovak
PhysicalDescription:32 s. ilustr. 8°
Published: Čachtice Prípravný výbor osláv 100. výročia Sednice Tatrína 1947
Subjects:

MARC

LEADER 00000cam a2200000 a 4500
001 vtls008386760
003 SK-MaSNL
005 20260302004102.0
008 250312s1947 xo g 000 0 slo
015 |a SNBA19451955-007977 
035 |a SK01SNKBKSFS20020078977 
035 |a urn:nbn:sk:snk-am3htwr 
035 |a 930C8774-DFBD-4370-B4B9-A06E45148717 
035 |a urn:nbn:sk:snk-am00d96q 
035 |a SKM000081440 
040 |a SNK  |b slo  |c SNK  |e AACR2 
041 0 |a slo 
044 |a xo  |c SK 
080 |a 06  |2 1981 
080 |a 008  |2 1981 
080 |a 808.54(091)  |2 1981 
245 0 0 |a ... na spisovnú reč povýšili slovenčinu!  |b na sté výročie Sednice Tatrína v Čachticiach 10. augusta 1947  |c vydal Prípravný výbor osláv 
246 3 3 |a na spisovnú reč povýšili slovenčinu!  |b na sté výročie Sednice Tatrína v Čachticiach 10. augusta 1947 
260 |a Čachtice  |b Prípravný výbor osláv 100. výročia Sednice Tatrína  |c 1947  |e Nové Mesto nad Váhom  |f Ján Trnovský 
300 |a 32 s.  |b ilustr.  |c 8° 
505 0 |a Zoznam prítomných na Sednici v roku 1847 na s. 19-21 
610 2 7 |a Tatrín (spolok)  |2 SNKKA  |9 33054 
650 0 7 |a spisovná slovenčina  |2 SNKPH  |9 66941 
655 7 |a jubilejné publikácie  |2 SNKPH  |9 70339 
852 |a Slovenská národná knižnica 
958 |a OND 
958 |a RK 
958 |a TL 
999 |c 994549  |d 996479 
952 |a SNK  |b SNK  |y VYP  |7 0  |p 17A0568138  |o snkSD 5717/13 D1  |i snkD 4104/61  |8 1  |0 0  |1 0  |4 0  |d 2008-01-08  |l 0  |r 2026-02-24 12:00:07  |w 2026-02-24 
952 |a SNK  |b SNK  |y VYP  |7 0  |p 17A0568037  |o snkSD 5717/13 D2  |i snkF 1510/65  |8 5  |0 0  |1 0  |4 0  |d 2008-01-08  |l 0  |r 2026-02-24 12:00:07  |w 2026-02-24 
952 |a SNK  |b SNK  |y PREZ  |7 0  |p 17A0909365  |o snkSD 5717/13  |i snk4977/47  |0 0  |1 0  |4 0  |d 2018-11-15  |f 1  |l 0  |r 2025-11-13 00:00:00  |w 2026-02-24